| 000 | 00613nam a22002417a 4500 | ||
|---|---|---|---|
| 001 | 30522 | ||
| 003 | UA-OsUOA | ||
| 005 | 20220624213947.0 | ||
| 007 | ta | ||
| 008 | 20041111b un ||||| |||| 00| 0 ukr d | ||
| 040 |
_aUA-OsUOA _brus _cUA-OsUOA _dUA-OsUOA |
||
| 041 | _arus | ||
| 044 | _aRU | ||
| 080 | _a83.98 | ||
| 090 |
_a83.98 _bГ95 |
||
| 100 | _aГуревич Э. С. | ||
| 245 |
_aДетская литература Белоруссии _bочерки |
||
| 260 |
_aМосква _bДетская литература _c1982 |
||
| 300 | _a239 с. | ||
| 650 | 7 | _2UDC | |
| 942 |
_cBK _2udc |
||
| 955 | _a0 | ||
| 999 |
_c316934 _d316934 |
||